The American image of China / (Record no. 184067)
[ view plain ]
| 000 -LEADER | |
|---|---|
| fixed length control field | 01598 a2200229 4500 |
| 003 - CONTROL NUMBER IDENTIFIER | |
| control field | Nust |
| 005 - DATE AND TIME OF LATEST TRANSACTION | |
| control field | 20230221104024.0 |
| 010 ## - LIBRARY OF CONGRESS CONTROL NUMBER | |
| LC control number | 79004827 |
| 020 ## - INTERNATIONAL STANDARD BOOK NUMBER | |
| International Standard Book Number | 0804413118 : |
| 040 ## - CATALOGING SOURCE | |
| Transcribing agency | Nust |
| 082 00 - DEWEY DECIMAL CLASSIFICATION NUMBER | |
| Classification number | 301, GRA |
| 245 04 - TITLE STATEMENT | |
| Title | The American image of China / |
| Statement of responsibility, etc. | edited, with a history of Sino-American relations, by Benson Lee Grayson. |
| 260 ## - PUBLICATION, DISTRIBUTION, ETC. | |
| Place of publication, distribution, etc. | New York : |
| Name of publisher, distributor, etc. | Ungar, |
| Date of publication, distribution, etc. | c1979. |
| 300 ## - PHYSICAL DESCRIPTION | |
| Extent | x, 322 p. ; |
| Dimensions | 22 cm. |
| 505 ## - FORMATTED CONTENTS NOTE | |
| Formatted contents note | Introduction (Page-1), Knavery and Idolatry (Page-71) , An Attack on Chinese Aloofness (Page-84), China During the Taiping Rebellion (Page-91), The United States Should Acquire Formosa (Page-95), Modernizing Influences in China (Page-106), A Critical View of the Chinese Empire (Page-121), The Grounds for Excluding Chinese Laborers (Page-130), Growing Up in China (Page-144), Helping China Adapt to the Modern World (Page-163), Impression of the Communist Areas (Page-187), A View of Wartime China (Page-199), The Failure U.S. Foreign Policy in China (Page-210), The Commitment to Defend Formosa (Page-239), How Peking Might View American Actions (Page-254), The failure of the non-Recognition Policy (Page-271), Changing Conception of China (Page-284), We are Committed to Relations with Peking (Page-305), Normalization of Relations will Advance Peace (Page-307). |
| 650 #0 - SUBJECT ADDED ENTRY--TOPICAL TERM | |
| Topical term or geographic name entry element | Public opinion |
| Geographic subdivision | United States. |
| 9 (RLIN) | 23121 |
| 651 #0 - SUBJECT ADDED ENTRY--GEOGRAPHIC NAME | |
| Geographic name | China |
| General subdivision | Foreign public opinion, American. |
| 9 (RLIN) | 109298 |
| 651 #0 - SUBJECT ADDED ENTRY--GEOGRAPHIC NAME | |
| Geographic name | China |
| General subdivision | Relations |
| Geographic subdivision | United States. |
| 9 (RLIN) | 109299 |
| 651 #0 - SUBJECT ADDED ENTRY--GEOGRAPHIC NAME | |
| Geographic name | United States |
| General subdivision | Relations |
| Geographic subdivision | China. |
| 9 (RLIN) | 109300 |
| 700 1# - ADDED ENTRY--PERSONAL NAME | |
| Personal name | Grayson, Benson Lee, |
| Dates associated with a name | 1932- |
| 9 (RLIN) | 109301 |
| 942 ## - ADDED ENTRY ELEMENTS (KOHA) | |
| Source of classification or shelving scheme | |
| Koha item type | Book |
| Withdrawn status | Lost status | Source of classification or shelving scheme | Damaged status | Not for loan | Permanent Location | Current Location | Shelving location | Date acquired | Full call number | Barcode | Date last seen | Price effective from | Koha item type | Public note |
|---|---|---|---|---|---|---|---|---|---|---|---|---|---|---|
| Military College of Signals (MCS) | Military College of Signals (MCS) | General Stacks | 12/12/2016 | 301,GRA | MCS3293 | 12/08/2016 | 12/12/2016 | Book | Almirah No.48, Shelf No.5 |
